Video Games by Letter - “B” - Statistics

General Stats
  • This quiz has been taken 183 times
    173 since last reset
  • The average score is 9 of 16
Answer Stats
Hint Answer % Correct
Spiky turtle monster that constantly kidnaps a princess Bowser
98%
Bowling
85%
White variety of tree in Minecraft Birch
79%
Boxing
79%
First Pokémon in the Pokédex Bulbasaur
76%
Three of five sports in Wii Sports Baseball
75%
A bear that stars in a duology on the N64 with a bird Banjo
69%
Wii Sports Resort sport featuring a 3 on 3 vs mode Basketball
69%
Super Smash Bros. game for the Wii Super Smash Bros. {Brawl}
67%
Umbra Witch; ridiculously OP in Super Smash Bros. Bayonetta
58%
Game where Jack explores the underwater city of Rapture Bioshock
56%
First level of Super Mario 64 Bob-omb Battlefield
37%
Company that made Pac-Man Bandai Namco
31%
Final boss of the Legend of Zelda: Phantom Hourglass Bellum
9%
Sly Cooper’s turtle friend Bentley
8%
Fake technology ‘created’ by Sega to boost sales of the Genesis Blast Processing
8%
No matching quizzes found
Score Distribution
Percent of People with Each Score
Percentile by Number Answered
Your Score History
You have not taken this quiz since the last reset